000 00285nam a22001337a 4500
008 171002b xxu||||| |||| 00| 0 eng d
020 _a9780495031635
041 _aeng
080 _24TH
_a159.9
100 _a48
101 _aPSI
245 _aPSYCHOLOGY
_cMILLER,M
942 _2udc
_cBK
999 _c31186
_d31186